000 00239nam a2200097Ia 4500
001 642751
005 20250826153532.0
008 250824s9999 xx 000 0 und d
245 0 _a5 Utangaç Gitarist
_cR. L. Stine
260 _bBEYAZ BALİNA
999 _c642751
_d642751